| Tag |
First Indicator |
Second Indicator |
Subfields |
| LEADER |
00000cam a2200000 4500 |
| 001 |
in00000094362 |
| 005 |
20150927110435.0 |
| 008 |
741106s1972 eng u |
| 020 |
|
|
|a 067251981X
|
| 035 |
|
|
|a (OCoLC)01067584
|
| 035 |
|
|
|9 AAL6227AM
|
| 040 |
|
|
|c YMM
|d TXA
|d UtOrBLW
|
| 049 |
|
|
|a TXAM
|c [1181763]
|
| 090 |
|
|
|a TT900.C4
|b L68 1972a
|
| 100 |
1 |
|
|a Lowndes, Rosemary.
|
| 245 |
1 |
0 |
|a Make your own world of Christmas /
|c Written and designed by Rosemary Lowndes and Claude Kailer.
|
| 264 |
|
1 |
|a Indianapolis :
|b Bobbs-Merrill,
|c [1972]
|
| 300 |
|
|
|a 107 pages :
|b illustrations
|
| 336 |
|
|
|a text
|b txt
|2 rdacontent
|
| 337 |
|
|
|a unmediated
|b n
|2 rdamedia
|
| 338 |
|
|
|a volume
|b nc
|2 rdacarrier
|
| 650 |
|
0 |
|a Christmas decorations
|v Juvenile literature.
|
| 650 |
|
0 |
|a Christmas
|v Juvenile literature.
|
| 700 |
1 |
|
|a Kaïler, Claude.
|
| 999 |
|
|
|a MARS
|
| 999 |
f |
f |
|s 85428363-857c-3146-b35f-1b57bf53f827
|i 96afb74f-2349-3891-8e41-7c3721a0aa79
|t 0
|
| 952 |
f |
f |
|p ric
|a Texas A&M University
|b Rellis Campus
|c Joint Library Facility
|d Remote Storage
|t 0
|e TT900.C4 L68 1972a
|h Library of Congress classification
|i unmediated -- volume
|m A14805667260
|
| 998 |
f |
f |
|a TT900.C4 L68 1972a
|t 0
|l Remote Storage
|